header

Governance impact on private investment (Record no. 5153)

MARC details
000 -LEADER
fixed length control field 01384nam a22003494a 4500
001 - CONTROL NUMBER
control field ebr5007370
003 - CONTROL NUMBER IDENTIFIER
control field CaPaEBR
006 - FIXED-LENGTH DATA ELEMENTS--ADDITIONAL MATERIAL CHARACTERISTICS--GENERAL INFORMATION
fixed length control field m u
007 - PHYSICAL DESCRIPTION FIXED FIELD--GENERAL INFORMATION
fixed length control field cr cn|||||||||
008 - FIXED-LENGTH DATA ELEMENTS--GENERAL INFORMATION
fixed length control field 000808s2000 dcua sb i000 0 eng
010 ## - LIBRARY OF CONGRESS CONTROL NUMBER
Canceled/invalid LC control number 00063436
020 ## - INTERNATIONAL STANDARD BOOK NUMBER
Cancelled/invalid ISBN 0821348183
040 ## - CATALOGING SOURCE
Original cataloging agency CaPaEBR
Transcribing agency CaPaEBR
035 ## - SYSTEM CONTROL NUMBER
System control number (OCoLC)50553146
050 14 - LIBRARY OF CONGRESS CALL NUMBER
Classification number HC79.C3
Item number B795 2000eb
082 04 - DEWEY DECIMAL CLASSIFICATION NUMBER
Classification number 332.67/253
Edition number 21
100 1# - MAIN ENTRY--PERSONAL NAME
Personal name Bubnova, Nina,
Dates associated with a name 1974-
245 10 - TITLE STATEMENT
Title Governance impact on private investment
Medium [electronic resource] :
Remainder of title evidence from the international patterns of infrastructure bond risk pricing /
Statement of responsibility, etc Nina B. Bubnova.
260 ## - PUBLICATION, DISTRIBUTION, ETC. (IMPRINT)
Place of publication, distribution, etc Washington, DC :
Name of publisher, distributor, etc World Bank,
Date of publication, distribution, etc 2000.
300 ## - PHYSICAL DESCRIPTION
Extent xiv, 79 p. :
Other physical details ill.
490 1# - SERIES STATEMENT
Series statement World Bank technical paper ;
Volume number/sequential designation no. 488
504 ## - BIBLIOGRAPHY, ETC. NOTE
Bibliography, etc Includes bibliographical references.
533 ## - REPRODUCTION NOTE
Type of reproduction Electronic reproduction.
Place of reproduction Palo Alto, Calif. :
Agency responsible for reproduction ebrary,
Date of reproduction 2013.
Note about reproduction Available via World Wide Web.
-- Access may be limited to ebrary affiliated libraries.
650 #0 - SUBJECT ADDED ENTRY--TOPICAL TERM
Topical term or geographic name as entry element Infrastructure (Economics)
General subdivision Finance.
Topical term or geographic name as entry element Corporate governance.
Topical term or geographic name as entry element Investments.
Topical term or geographic name as entry element Country risk.
655 #7 - INDEX TERM--GENRE/FORM
Genre/form data or focus term Electronic books.
Source of term local
710 2# - ADDED ENTRY--CORPORATE NAME
Corporate name or jurisdiction name as entry element ebrary, Inc.
830 #0 - SERIES ADDED ENTRY--UNIFORM TITLE
Uniform title World Bank technical paper ;
Volume number/sequential designation no. 488.
856 40 - ELECTRONIC LOCATION AND ACCESS
Uniform Resource Identifier <a href="http://site.ebrary.com/lib/rucke/Doc?id=5007370">http://site.ebrary.com/lib/rucke/Doc?id=5007370</a>
Public note An electronic book accessible through the World Wide Web; click to view

No items available.

© 2026 Rongo University
Contact us: librarian | system librarian | Rongo university